| 000 | 00449nam a2200145 a 4500 | ||
|---|---|---|---|
| 001 | 000030838 | ||
| 005 | 20200930062536.0 | ||
| 008 | 110531s1941 dr 000 0 spa d | ||
| 040 |
_aDO-SdBNP _bspa _cBNPHU |
||
| 100 | 1 |
_aSevez, Francois F. _957381 |
|
| 245 | 1 | 0 |
_aBosquejo biográfico del Padre Fantino / _cFrancois F. Sevez Fils. |
| 260 |
_aLa Vega, República Dominicana : _bImp. El Progreso, _c1941. |
||
| 300 |
_a154 p. ; _c22 cm. |
||
| 049 | _aBNPD | ||
| 999 |
_c30330 _d30330 |
||